000
00478nam a2200181Ia 4500
008
100917s9999 xx 000 0 und d
082
_b
12891
100
_a
हसमनीस द. का.
245
_a
पाकोळी
260
_b
युवराज प्रकाशन
300
_a
138
365
_b
10
520
_a
कादंबरी
630
_a
पाकोळी
650
_a
कादंबरी
730
_a
पाकोळी
942
_c
BOOK
999
_c
618285
_d
618282